000 01654cam a22004814i 4500
003 PE-LiUPU
005 20250731173020.0
008 150623s r 000 0 d
020 _a0801083850
035 _a(Sirsi) i9780801083853
040 _aPE-LiUPU
_bspa
_cPE-LiUPU
_erda
049 _aPRUA
082 0 4 _a291.211
_bS74
_221
245 0 4 _aThe goddess revival /
_cAída Besanc¸on Spencer .. [et al.].
264 1 _aGrand Rapids, Michigan :
_bBaker Books,
_c1995.
300 _a304 páginas ;
_c23 centímetros
336 _atext
_2rdacontent
337 _aunmediated
_2rdamedia
338 _avolume
_2rdacarrier
504 _aIncluye bibliografía.
505 0 _aGod as female. -God as male. -God/dess of the past. -God is unique. -God is no male. -God is a paradox. -God is reflected. -Gopd of the living water.
526 _aSEG42
526 _aSEG41
526 _aSEG40
526 _aSEG39
526 _aP94
526 _aP87
526 _aP86
526 _aP85
526 _aP77
526 _aP76
526 _aP35
650 0 4 _aApologética.
_92321
650 0 4 _aEvangelismo.
_9953
650 0 4 _aReligión de la diosa
_vLiteratura polémica.
700 1 _aSpencer, Aída Besancon,
_eautor.
942 _2ddc
_cBOOK
949 _a291.211 S74
_wDEWEY
_c1
_i47427
_lCCODEBUL1
_mBUL
_r0
_sY
_tBOOK
_u2015-6-24
_xTEOLOGIA
_PP35
_0COMPRA
_o.STAFF. Colección General
994 _aC0
_bPEPRU
596 _a1
999 _a291.211 S74
_wDEWEY
_c23985
_i47427
_f2021-11-11
_g5
_lCCODEBUL1
_mBUL
_r0
_sY
_tBOOK
_u2015-6-24
_xTEOLOGIA
_PP35
_0COMPRA
_o.STAFF. Colección General
_d23985
980 _81
_gALBERTO SANCHEZ Responsable de Automatización